Taylor Swift - Paroles Cassandra - Statistiques

Statistiques générales
  • Ce quiz a été pris 55 fois
  • Le résultat moyen est 309 sur 363
Statistiques - réponses
Hint Réponse % Correct
a
100%
Bridge Ah,
100%
ah
100%
ah-ah-ah,
100%
Ah-ah-ah,
100%
Cassandra
100%
'Cause
100%
'cause
100%
first
100%
kill
100%
she
100%
the
100%
The
100%
they
100%
They
100%
Couplet 1 | Couplet 2 | Couplet 3 I
97%
killed
97%
me
97%
who
97%
worst
97%
believe
95%
Do
95%
in
95%
In
95%
it
95%
no
95%
No
95%
Refrain So,
95%
So
95%
so
95%
to
95%
when
95%
Outro | Pré-refrain When
95%
you
95%
You
95%
and
92%
And
92%
but
92%
feared
92%
like
92%
my
92%
not
92%
now?
92%
said
92%
say
92%
say,
92%
That
92%
that
92%
all
89%
it's
89%
It's
89%
knew,
89%
knew
89%
was
89%
are?
86%
bitch,"
86%
call
86%
if
86%
nothin'
86%
one
86%
tried
86%
"Burn
84%
got
84%
I'm
84%
quiet
84%
there's
84%
time
84%
whole
84%
with
84%
can
81%
line
81%
makes
81%
regret
81%
screamin'
81%
tell
81%
town
81%
what
81%
"What
81%
What
81%
where
81%
word
81%
chorus
78%
Christian
78%
for
78%
heard
78%
heard,
78%
mark
78%
never
78%
somethin'
78%
that's
78%
words
78%
becomes
76%
Blood's
76%
doesn't
76%
family,
76%
house
76%
payroll
76%
they're
76%
filled
73%
new
73%
of
73%
onto
73%
out,
73%
raging
73%
snakes,
73%
comes
70%
daydreams
70%
happens
70%
pure
70%
riot
70%
soul
70%
thick,
70%
thick
70%
up
70%
aware"
68%
cell
68%
flames,
68%
greed,
68%
life
68%
single
68%
tower
68%
truth
68%
set
65%
Bet
62%
lost
62%
Patching
62%
prayer
62%
saying
62%
streets,
62%
wall
62%
into
59%
patched
59%
placing
59%
spared
59%
along
57%
crack
57%
nightmares
54%
thrown,
54%
track
54%
lose
51%
stone's
51%
snarls
49%
smiles
46%
Twisting
46%
warning,
46%
shrieking
41%
weaving
41%
pass
35%
mourning
27%
Aucun quiz correspondant
Distribution des résultats
% des personnes avec chaque résultat
Percentile par nombre de réponses
Votre historique - résultats
Vous n’avez pas pris ce quiz